Sepandai-pandai tupai melompat
| Main Author: | |
|---|---|
| Format: | Book |
| Published: |
Petaling Jaya :
Penerbit Pan Earth Sdn. Bhd. ,
1987
|
| Series: | Siri bacaan pelita
|
| Subjects: |
MARC
| LEADER | 00000cam a2200000 7i4500 | ||
|---|---|---|---|
| 001 | 0000008823 | ||
| 002 | 000009621 | ||
| 005 | 20000330.0 | ||
| 020 | |a 967956326X | ||
| 090 | 0 | 0 | |a JF |b BAC |
| 100 | 0 | |a Wan Norsaedah Wan Ahmad | |
| 245 | 1 | 0 | |a Sepandai-pandai tupai melompat |c Wan Norsaedah |
| 260 | |a Petaling Jaya : |b Penerbit Pan Earth Sdn. Bhd. , |c 1987 | ||
| 300 | |a 36p. : |b ill. ; |c 22cm. | ||
| 490 | 0 | |a Siri bacaan pelita | |
| 650 | 0 | 0 | |a Children's stories, Malay |
| 999 | |a 016889 |b BUKU |c PINJAMAN |e PERPUSTAKAAN KOMUNITI PETALING JAYA | ||